000 01542cam a2200373 a 4500
001 busybeavers00dabc
003 CaSfIA
005 20210117222145.0
007 cr||||
008 870912s1988 nyua j 000 0 eng
010 _a 87027190
040 _aDLC
_cDLC
_dOCL
_dBTCTA
_dYDXCP
_dBAKER
_dCaSfIA
020 _a0525443843 (lib. bdg.) :
_c$11.95
020 _a9780525443841 (lib. bdg.)
035 _a(OCoLC)16754675
042 _alcac
050 0 0 _aQL737.R632
_bD33 1988
082 0 0 _a599.32/32
_219
100 1 _aDabcovich, Lydia.
245 1 0 _aBusy beavers /
_h[electronic resource]
_cby Lydia Dabcovich.
250 _a1st ed.
260 _aNew York :
_bDutton,
_cc1988.
300 _a[32] p. :
_bcol. ill. ;
_c21 x 26 cm.
520 _aSimple text follows the activities of a beaver family as they swim, play, and build a sturdy dam.
650 0 _aBeavers
_vJuvenile literature.
650 1 _aBeavers.
856 4 1 _uhttp://www.archive.org/details/busybeavers00dabc
_zFree eBook from the Internet Archive
856 4 2 _uhttp://www.openlibrary.org/books/OL2397362M
_zAdditional information and access via Open Library
029 1 _aYDXCP
_b470413
029 1 _aNZ1
_b3424326
942 _cEB
506 _fНеобхідна авторизація на https://archive.org/ (створення облікового запису безкоштовно)
506 _fНеобхідна авторизація на https://openlibrary.org/ (створення облікового запису безкоштовно)
999 _c477386
_d477386